000 00374 a2200121 4500
005 20250621081204.0
082 _a329. 026 CLI
245 _aOne Party Democracy: The 1965 Tanzania General Election
260 _aNairobi,
_bEast Africa Publishing House,
_c1967.
300 _a465p.: ill.; map, picture, table.
_bIndex, references.
_c22cm.
700 _aCLIFFE, O.
942 _2ddc
_cBKS
999 _c363
_d363